| 000 | 00509nam a22001937a 4500 | ||
|---|---|---|---|
| 005 | 20260422104915.0 | ||
| 008 | 260422b |||||||| |||| 00| 0 eng d | ||
| 020 |
_a9789358496642 _c500.00 |
||
| 040 | _aMAIN | ||
| 041 | _aeng | ||
| 082 |
_a371.26 _bDEK |
||
| 100 |
_aDeka, Nabanita _dGohain, Bituraj |
||
| 245 |
_aPsychological Assessment and Practical _cBy Nabanita Deka. |
||
| 250 | _a1st ed. | ||
| 260 |
_aDibrugarh: _bBanalata; _c2026. |
||
| 300 | _a462p. | ||
| 650 | _aEducation | ||
| 942 |
_2ddc _cBK |
||
| 999 |
_c16412 _d16412 |
||